|
|
|
|
| LEADER |
00000nam a2200000 4500 |
| 008 |
150804b2005 a ||||| |||| 00| | spa d |
| 020 |
|
|
|a 9508084669
|
| 090 |
|
|
|a 06.03.07
|b 2156
|
| 100 |
1 |
|
|9 697
|a Actis, Beatriz
|
| 245 |
1 |
0 |
|a Convivir, aprender y enseñar en el aula /
|c Beatriz Actis, Ezequiel Ander-Egg, Fernando Avendaño, Horacio Belgich, Cecilia Bixio, Francisco Cajiao, Priscilla Garrido Comer, Tomás Sánchez iniesta, Liliana Sanjurjo; Norberto Boggino compilador
|
| 260 |
|
|
|a Santa Fé, Argentina :
|b Homo Sapiens Ediciones
|c c2005
|
| 300 |
|
|
|a 222 páginas
|
| 490 |
|
|
|a Educación
|
| 650 |
1 |
4 |
|9 387
|a APRENDIZAJE
|
| 650 |
1 |
4 |
|9 594
|a VALORES SOCIALES
|
| 650 |
1 |
4 |
|9 1
|a EDUCACIÓN
|
| 650 |
1 |
4 |
|9 576
|a ASPECTOS SOCIALES
|
| 700 |
1 |
|
|9 698
|a Ander-Egg, Ezequiel
|
| 700 |
1 |
|
|9 699
|a Avendaño, Fernando
|
| 700 |
1 |
|
|9 700
|a Belgich, Horacio
|
| 700 |
1 |
|
|9 701
|a Bixio, Cecilia
|
| 700 |
1 |
|
|9 702
|a Cajiao, Francisco
|
| 700 |
1 |
|
|9 703
|a Garrido Comer, Priscilla
|
| 700 |
1 |
|
|9 704
|a Sánchez Iniesta, Tomás
|
| 700 |
1 |
|
|9 705
|a Sanjurjo, Liliana
|
| 700 |
1 |
|
|9 696
|a Boggino, Norberto
|e compilador
|
| 942 |
|
|
|i 003774
|h 06.03.07 2156
|2 z
|c 01
|
| 999 |
|
|
|c 2760
|d 2760
|